| Поле | Инд. | ПП | Название | Значение |
|---|---|---|---|---|
| Тип записи | a | |||
| Библиографический уровень | m | |||
| 001 | Контрольный номер | dddb2132-6cce-47d7-9115-8bf1256e94ba | ||
| 005 | Дата корректировки | 20230412154003.8 | ||
| 008 | Кодируемые данные | 071212 | ||
| 020 | a | ISBN | 978-5-238-00970-4 | |
| 040 | a | Служба первич. каталог. | НБ ТвГУ | |
| 041 | 0_ | a | Код языка текста | rus |
| 080 | a | Индекс УДК | 316.48(075.8) | |
| 084 | a | Индекс другой классификации/Индекс ББК | С524.228я73-1 | |
| 090 | x | Авторский знак | К65 | |
| a | Полочн. индекс | С524.2 | ||
| 245 | 10 | a | Заглавие | Конфликтология |
| b | Продолж. заглавия | учеб. для студентов вузов, обучающихся по специальностям экономики и управления (060000) и гуманитарно-социальным специальностям (020000) | ||
| c | Ответственность | под ред. В. П. Ратникова | ||
| 250 | a | Основные сведения об издании | 2-е изд., перераб. и доп. | |
| 260 | 0_ | a | Место издания | Москва |
| b | Издательство | ЮНИТИ | ||
| c | Дата издания | 2007 | ||
| 300 | a | Объем | 511 с. | |
| b | Иллюстрации/ тип воспроизводства | ил., табл. | ||
| 440 | _0 | a | Серия | Cogito ergosum |
| 500 | a | Примечание | Авт. указаны на 3-й с. | |
| 504 | a | Библиография | Библиогр.: с. 496-499. | |
| 650 | 04 | a | Основная рубрика | Конфликтология |
| x | Основная подрубрика | Учебники для вузов | ||
| 650 | 04 | a | Основная рубрика | Социальный конфликт |
| 653 | 0_ | a | Ключевые слова | Конфликтология |
| a | Ключевые слова | Теория конфликта | ||
| a | Ключевые слова | Социальный конфликт | ||
| a | Ключевые слова | Внутриличностный конфликт | ||
| a | Ключевые слова | Межличностный конфликт | ||
| a | Ключевые слова | Организационный конфликт | ||
| a | Ключевые слова | Межгрупповой конфликты | ||
| a | Ключевые слова | Предупреждение конфликтов | ||
| a | Ключевые слова | Разрешение конфликтов | ||
| a | Ключевые слова | Переговоры | ||
| 700 | 1_ | a | Другие авторы | Ратников Валентин Петрович |
| e | Роль лиц | авт., ред. | ||
| 700 | 1_ | a | Другие авторы | Голубь В. Ф. |
| e | Роль лиц | авт. | ||
| 700 | 1_ | a | Другие авторы | Лукашева Г. С. |
| e | Роль лиц | авт. | ||
| 700 | 1_ | a | Другие авторы | Островский Э. В. |
| e | Роль лиц | авт. | ||
| 700 | 1_ | a | Другие авторы | Скрипкина Ж. Б. |
| e | Роль лиц | авт. | ||
| 700 | 1_ | a | Другие авторы | Юдин В. В. |
| e | Роль лиц | авт. | ||
| 852 | 41 | i | Расстановочный признак | Проверка 2023 |
| 920 | a | Оператор | Поля | |
| 930 | a | Новая/Ретро | учебники | |
| 952 | c | Вид литературы | К ру | |
| 954 | a | Дата поступления на обработку | 20071219 | |
| e | Дата перешифровки | 20230412 |